Análisis económico input-output / (Registro nro. 8482)

Detalles MARC
000 -LEADER
fixed length control field 01557nam a2200253Ia 4500
003 - CONTROL NUMBER IDENTIFIER
control field OSt
005 - DATE AND TIME OF LATEST TRANSACTION
control field 20210906115749.0
008 - FIXED-LENGTH DATA ELEMENTS--GENERAL INFORMATION
fixed length control field 210310s1988 sp ad fq 000 0 spa d
020 ## - INTERNATIONAL STANDARD BOOK NUMBER
International Standard Book Number 8475306144
040 ## - CATALOGING SOURCE
Original cataloging agency CO-JMCR
Transcribing agency CO-JMCR
041 0# - LANGUAGE CODE
Language code of text/sound track or separate title spa
082 04 - DEWEY DECIMAL CLASSIFICATION NUMBER
Classification number 339.23 /
Item number L586a
Edition number 23
100 1# - MAIN ENTRY--PERSONAL NAME
Personal name Leontief, Wassily,
9 (RLIN) 17399
Relator term autor
245 10 - TITLE STATEMENT
Title Análisis económico input-output /
Remainder of title W. Leontief
260 ## - PUBLICATION, DISTRIBUTION, ETC.
Place of publication, distribution, etc. Barcelona :
Name of publisher, distributor, etc. Ediciones Orbis, S.A.,
Date of publication, distribution, etc. 1988
300 ## - PHYSICAL DESCRIPTION
Extent 359 páginas :
Other physical details ilustraciones y gráficas a blanco y negro ;
Dimensions 20 cm.
490 0# - SERIES STATEMENT
Series statement Biblioteca de Economía
500 ## - GENERAL NOTE
General note Incluye notas a pie de página.
504 ## - BIBLIOGRAPHY, ETC. NOTE
Bibliography, etc. note Bibliografía: páginas [357]-359
505 0# - FORMATTED CONTENTS NOTE
Formatted contents note Propuesta para mejorar la bondad de nuestras previsiones económicas (1964) -- Análisis económico input-output (1951) -- Salarios, beneficios, precios e impuestos (1947) -- La estructura del desarrollo (1963) -- Producción interna y comercio exterior: reexamen de la posición estadounidense por lo que respecta al capital (1953) -- Las relaciones entre los factores y la estructura del comercio estadounidense: nuevo análisis teórico y empírico (1956) -- Análisis input-output (1965) -- Estructura de la economía estadounidense (1965) -- Repercusiones económicas estadounidense (1961) -- Repercusiones económicas -en los ámbitos industrial y regional- de una reducción de armamento (1965) -- Análisis input-output multiregional (1963)
650 14 - SUBJECT ADDED ENTRY--TOPICAL TERM
Topical term or geographic name entry element Economía
9 (RLIN) 17401
General subdivision Modelos matemáticos
650 24 - SUBJECT ADDED ENTRY--TOPICAL TERM
Topical term or geographic name entry element Economía matemática
9 (RLIN) 40005
942 ## - ADDED ENTRY ELEMENTS (KOHA)
Source of classification or shelving scheme Dewey Decimal Classification
Koha item type Books
Existencias
Withdrawn status Lost status Source of classification or shelving scheme Damaged status Not for loan Collection code Home library Current library Date acquired Source of acquisition Full call number Barcode Date last seen Copy number Koha item type
    Dewey Decimal Classification     Non-fiction Biblioteca Pública José María del Castillo y Rada Biblioteca Pública José María del Castillo y Rada 04/15/2018 Donación 339.23 / L586a 430006158 05/16/2024 Ej.1 Books